| 000 | 00675cam a22001814a 4500 | ||
|---|---|---|---|
| 005 | 20250605164357.0 | ||
| 008 | 250528s ||||||||||||||||||||||||d | ||
| 035 | _a24382 | ||
| 040 |
_aGR-AtMCL _bgre _dGR-AtMCL _eAACR2 |
||
| 245 | 1 | _aAramco World | |
| 260 |
_bAramco Services Company, _c2015 |
||
| 300 | _a48 | ||
| 520 | _aReviving the North Aral Sea, Fashioning a Dialogue, A Legation Turns to Education, Now Playing: Jordan Credit: Nadine Toukan, Travelers of Al-Andalus - Part V: Ibn Hazm's Journeys of Exile and Love, Suggestions for Reading, Events and Exhibitions. | ||
| 700 | 1 |
_aAbul Hamayel Basil A. _99456 |
|
| 942 | _cCR | ||
| 999 |
_c9270 _d9270 |
||